Northrop Frye on Shakespeare /

Bibliographic Details
Main Author: Frye, Northrop
Format: Book
Language:English
Published: New Haven : Yale University Press, [1986]
Subjects:

MARC

Tag First Indicator Second Indicator Subfields
LEADER 00000cam a22000008a 4500
001 in00000425021
005 20151012062649.0
008 860606s1986 ctu 00010 eng
010 |a  86050485  
020 |a 0300037112 (alk. paper) 
035 |a (OCoLC)13792275 
035 |9 ABV8186AM 
040 |a DLC  |c DLC  |d TXA  |d UtOrBLW 
049 |a TXAM  |c [A09666389] 
050 0 0 |a PR2976  |b .F67 1986 
082 0 |a 822.3/3  |2 19 
100 1 |a Frye, Northrop. 
245 1 0 |a Northrop Frye on Shakespeare /  |c edited by Robert Sandler. 
263 |a 8610 
264 1 |a New Haven :  |b Yale University Press,  |c [1986] 
264 4 |c ©1986 
300 |a vi, 186 pages 
336 |a text  |b txt  |2 rdacontent 
337 |a unmediated  |b n  |2 rdamedia 
338 |a volume  |b nc  |2 rdacarrier 
600 1 0 |a Shakespeare, William,  |d 1564-1616  |x Criticism and interpretation. 
999 |a MARS 
999 f f |s a2370cff-aa3b-3f62-8651-dad0b8cbe315  |i c5cd1940-e41b-3164-b16e-939c42b90fe0  |t 0 
952 f f |p normal  |a Texas A&M University  |b College Station  |c Sterling C. Evans Library  |d Evans: Library Stacks  |t 0  |e PR2976 .F67 1986  |h Library of Congress classification  |i unmediated -- volume  |m A14809666389 
998 f f |a PR2976 .F67 1986  |t 0  |l Evans: Library Stacks